000 00628nam a2200193Ia 4500
003 GCL
008 140319s9999 xx 000 0 ara d
040 _aGCL /
_cGCL
082 0 4 _aد
_b050
100 1 _aقدرى يونس العبد
245 1 0 _aسيناء: فى مواجهة الممارسة الاسرائيلية ( اقرا 536 ) /
_cقدرى يونس العبد
300 _a200 ص
490 _aوثائق ونصوص
_v0
650 0 4 _aالحروب العربية الاسرائيلية
650 0 4 _aسيناء
650 0 4 _aسيناء -التاريخ
650 0 4 _aسيناء - الاحتلال
942 _2ddc
_cCF
999 _c27297
_d27297